Publicación del Liceo de Heredia / (Record no. 40181)

MARC details
000 -LEADER
campo de control de longitud fija 00400nam a2200145 i 4500
001 - NÚMERO DE CONTROL
campo de control 40181
003 - IDENTIFICADOR DE NÚMERO DE CONTROL
campo de control ES-MaACL
005 - FECHA Y HORA DE LA ÚLTIMA TRANSACCIÓN
campo de control 20230906160145.0
007 - CAMPO FIJO DE DESCRIPCIÓN FÍSICA--INFORMACIÓN GENERAL
campo de control de longitud fija t|
008 - DATOS DE LONGITUD FIJA--INFORMACIÓN GENERAL
campo de control de longitud fija 030305s1908 cr ||||1| spa d
100 1# - ENTRADA PRINCIPAL--NOMBRE DE PERSONA
Nombre de persona Carnegie, Andrew.
9 (RLIN) 35359
245 10 - MENCIÓN DEL TÍTULO
Título Publicación del Liceo de Heredia /
Mención de responsabilidad, etc. Andrés Carnegie.
260 ## - PUBLICACIÓN, DISTRIBUCIÓN, ETC.
Lugar de publicación, distribución, etc. San José (Costa Rica) :
Nombre del editor, distribuidor, etc. [s.n.,
Fecha de publicación, distribución, etc. 1908]
852 ## - LOCALIZACIÓN
Ubicación ES-MaACL
Número de control de estantería T-1157-F-10
Holdings
Estatus retirado Estado de pérdida Estado de daño No para préstamo Colección Biblioteca de origen Biblioteca actual Ubicación en estantería Fecha de adquisición Fuente de adquisición Total de préstamos Signatura topográfica completa Código de barras Visto por última vez Precio de reemplazo Tipo de ítem Koha
        Colección de folletos Biblioteca del Ateneo de Madrid Biblioteca del Ateneo de Madrid Depósito folletos 17/01/2008     T-1157-F-10 1042304 23/02/2023 23/02/2023 Folleto